000 00877cam a2200193 4500
001 X115096
008 011012n2001 000 0 eng u
035 _a(Sirsi) u115096
245 _aR (on application of Lemon Land Ltd) v Hackney LBC
260 _c2001
490 _aEstates Gazette
_v{2001] 21 EG 165 (CS) (26/05/01)
520 _aQBD 11 May 2001. Defendant local authority seeking to dispose of property - Claimant submitting offer - Defendant accepting rival offer - Claimant seeking to challenge decision - Whether defendant able to treat value of job creation as part of consideration - S123(2) of Local Government Act 1972 - Claim allowed.
650 _aR V HACKNEY LBC EX P LEMON LAND LTD
650 _aLOCAL AUTHORITY
650 _aDISPOSAL OF LAND
650 _aLOCAL GOVERNMENT ACT 1972 S123(2)
690 _aPROPERTY AND LAND LAW-CASE LAW
942 _n0
999 _c68553
_d68553